[Event "SF Essen-Katernberg  2 - SG Bochum 2"]
[Site "Regionalliga 2018/2019"]
[Date "2019.04.07"]
[Round "9.8"]
[White "Kudelka, Josua"]
[Black "Mazarov, Juergen"]
[Result "1/2-1/2"]
[WhiteElo "1965"]
[BlackElo "2057"]
[PlyCount "76"]
[EventDate "2019.??.??"]

1. c4 c5 2. g3 Nf6 3. Bg2 e6 4. Nf3 Be7 5. Nc3 O-O 6. O-O a6 7. d4 d6 8. dxc5
dxc5 9. e4 Nc6 10. e5 Nd7 11. Re1 Qc7 12. Bf4 Rd8 13. Qb1 Nf8 14. Qe4 Rb8 15.
Nd5 exd5 16. cxd5 Be6 17. d6 Qb6 18. dxe7 Nxe7 19. Bg5 Rd7 20. Rad1 Rbd8 21.
Bxe7 Rxd1 22. Bxd8 Rxd8 23. Qc2 h6 24. a3 Qb5 25. Nd2 Qd3 26. Qxd3 Rxd3 27. Ne4
b6 28. Bf1 Rb3 29. Rb1 Bf5 30. Nd2 Bxb1 31. Nxb3 a5 32. Nd2 Bf5 33. Bb5 Bd7 34.
Bxd7 Nxd7 35. f4 Kf8 36. Kf2 Ke7 37. Ke3 f6 38. exf6+ Kxf6 1/2-1/2

[Event "SV Eichlinghofen 1 - SC Hansa Dortmund "]
[Site "Regionalliga 2018/2019"]
[Date "2019.04.07"]
[Round "9.1"]
[White "Schiefelbusch, Dirk"]
[Black "Watzlawek, Markus"]
[Result "1/2-1/2"]
[WhiteElo "2015"]
[BlackElo "2107"]
[PlyCount "31"]
[EventDate "2019.??.??"]

1. Nf3 f5 2. b4 Nf6 3. Bb2 e6 4. b5 a6 5. a4 axb5 6. axb5 Rxa1 7. Bxa1 d5 8. e3
Bd6 9. c4 O-O 10. Nc3 Nbd7 11. Be2 Qe8 12. O-O dxc4 13. Bxc4 Nb6 14. Be2 e5 15.
Na4 Nbd7 16. d4 1/2-1/2

[Event "SV Eichlinghofen 1 - SC Hansa Dortmund "]
[Site "Regionalliga 2018/2019"]
[Date "2019.04.07"]
[Round "9.2"]
[White "Schuette, Tobias"]
[Black "Berndt, Joachim"]
[Result "1-0"]
[WhiteElo "2035"]
[BlackElo "2057"]
[PlyCount "109"]
[EventDate "2019.??.??"]

1. e4 c5 2. Nf3 e6 3. d3 Nc6 4. g3 d5 5. Nbd2 Bd6 6. Bg2 Nge7 7. O-O O-O 8. Re1
Qc7 9. Nf1 Bd7 10. h4 b5 11. N1h2 f6 12. h5 Kh8 13. Nh4 Rad8 14. Be3 d4 15. Bd2
c4 16. f4 c3 17. bxc3 dxc3 18. Be3 e5 19. f5 Be8 20. h6 gxh6 21. Bxh6 Bc5+ 22.
Kf1 Rg8 23. g4 Nd4 24. Bh3 b4 25. N2f3 Bb5 26. Nxd4 Rxd4 27. Qf3 Rdd8 28. Qg3
Qd6 29. Nf3 Nc6 30. g5 Nd4 31. g6 Rd7 32. Nxd4 Qxd4 33. Kg2 a5 34. Qh4 Qd6 35.
Kh2 a4 36. Rab1 Rb7 37. Re2 Rgb8 38. Rg2 b3 39. axb3 a3 40. Ra1 Bc6 41. Bg4 Ra8
42. Bh5 a2 43. gxh7 Rxh7 44. Bg6 Raa7 45. Rxa2 Qf8 46. Bxh7 Rxh7 47. Rg6 Be3
48. Bxf8 Rxh4+ 49. Kg3 Rh1 50. Bg7+ Kh7 51. Bxf6 Be8 52. Ra8 Bf4+ 53. Kg2 Rh2+
54. Kg1 Bxg6 55. Rh8# 1-0

[Event "SV Eichlinghofen 1 - SC Hansa Dortmund "]
[Site "Regionalliga 2018/2019"]
[Date "2019.04.07"]
[Round "9.3"]
[White "Burchert, Wolfgang"]
[Black "Bollwerk, Marcus"]
[Result "1/2-1/2"]
[WhiteElo "2008"]
[BlackElo "2055"]
[Annotator "Daniel"]
[PlyCount "46"]
[EventDate "2019.??.??"]

1. e4 g6 2. d4 Bg7 3. Nf3 d6 4. Bc4 e6 5. O-O Ne7 6. Bg5 h6 7. Be3 O-O 8. Nc3
a6 9. a4 b6 10. Qd2 Kh7 11. Ne1 Nd7 $11 12. f4 Nf6 13. h3 Bb7 14. Bd3 c5 15. f5
cxd4 16. Bxd4 Nc6 17. Be3 Ne5 18. fxg6+ fxg6 19. Nf3 Nxf3+ 20. Rxf3 Nd7 21.
Rxf8 Qxf8 22. Rf1 Qe7 23. Rf4 Rf8 1/2-1/2

[Event "SV Eichlinghofen 1 - SC Hansa Dortmund "]
[Site "Regionalliga 2018/2019"]
[Date "2019.04.07"]
[Round "9.4"]
[White "Brockmann, Michael"]
[Black "Kloster, Josef"]
[Result "1-0"]
[WhiteElo "2005"]
[BlackElo "2044"]
[PlyCount "49"]
[EventDate "2019.??.??"]

1. d4 Nf6 2. c4 g6 3. Nc3 Bg7 4. e4 d6 5. Be2 O-O 6. Bg5 h6 7. Be3 e5 8. d5
Nbd7 9. h4 Kh7 10. g4 Nc5 11. Bf3 Ng8 12. Nge2 f5 13. gxf5 gxf5 14. exf5 Bxf5
15. Ng3 Nd3+ 16. Kd2 Nxb2 17. Qb3 Bg6 18. h5 Rxf3 19. hxg6+ Kxg6 20. Qxb2 e4
21. Qc2 Nf6 22. Ncxe4 Kf7 23. Ke2 Qd7 24. Kxf3 Qg4+ 25. Kg2 1-0

[Event "SV Eichlinghofen 1 - SC Hansa Dortmund "]
[Site "Regionalliga 2018/2019"]
[Date "2019.04.07"]
[Round "9.5"]
[White "Hillebrand, Carsten"]
[Black "Dreier, Daniel"]
[Result "1-0"]
[WhiteElo "1945"]
[BlackElo "1893"]
[PlyCount "119"]
[EventDate "2019.??.??"]

1. c4 e5 2. g3 f5 3. Nc3 Nf6 4. Bg2 Bc5 5. e3 Qe7 6. Nge2 c6 7. d4 Bb6 8. dxe5
Qxe5 9. O-O O-O 10. Qc2 Na6 11. a3 d6 12. Nf4 Nc5 13. b4 Nce4 14. Bb2 Qe7 15.
Nxe4 Nxe4 16. Bd4 Bxd4 17. exd4 g5 18. Ne2 d5 19. Rfe1 Qf6 20. cxd5 cxd5 21. f3
Nd6 22. Qc5 Nf7 23. f4 Be6 24. fxg5 Nxg5 25. Rad1 Ne4 26. Qc7 Rf7 27. Qe5 Qxe5
28. dxe5 Rd8 29. Nf4 Re7 30. Nxe6 Rxe6 31. Bxe4 fxe4 32. Rxe4 dxe4 33. Rxd8+
Kf7 34. Rd5 Re7 35. Kf2 Ke6 36. Rc5 Kf5 37. Ke3 Rxe5 38. g4+ Kf6 39. Rc7 Rb5
40. Rxh7 a6 41. Rh6+ Kg7 42. Rh5 Rb6 43. Kxe4 Rc6 44. Rd5 b5 45. Rc5 Re6+ 46.
Kf3 Rd6 47. Rc3 Rf6+ 48. Kg3 Rd6 49. h4 Rd4 50. h5 Kh7 51. Kh4 Rd6 52. Rc7+ Kg8
53. Ra7 Kf8 54. Kg5 Rd5+ 55. Kf6 Rd6+ 56. Ke5 Rc6 57. g5 Kg8 58. g6 Kh8 59. Kf5
Rc1 60. Kg5 1-0

[Event "SV Eichlinghofen 1 - SC Hansa Dortmund "]
[Site "Regionalliga 2018/2019"]
[Date "2019.04.07"]
[Round "9.6"]
[White "Leyrer, Thomas"]
[Black "Linker, Walter"]
[Result "0-1"]
[WhiteElo "1891"]
[BlackElo "2015"]
[PlyCount "46"]
[EventDate "2019.??.??"]

1. d4 Nf6 2. c4 e5 3. dxe5 Ng4 4. Nf3 Bc5 5. e3 Nc6 6. a3 a5 7. b3 Ngxe5 8.
Nbd2 d6 9. Be2 Bf5 10. Nxe5 Nxe5 11. Nf3 Qf6 12. Nd4 Bd7 13. Bb2 O-O 14. Qd2
Qg6 15. O-O-O f6 16. f4 Nc6 17. Bf3 Rfe8 18. Rhe1 Re7 19. Re2 Bg4 20. Bxg4 Qxg4
21. Nxc6 bxc6 22. b4 axb4 23. h3 Qe6 0-1

[Event "SV Eichlinghofen 1 - SC Hansa Dortmund "]
[Site "Regionalliga 2018/2019"]
[Date "2019.04.07"]
[Round "9.7"]
[White "Prueske, Wolfgang"]
[Black "Wloka, Sebastian"]
[Result "1-0"]
[WhiteElo "1920"]
[BlackElo "1879"]
[PlyCount "87"]
[EventDate "2019.??.??"]

1. e4 c5 2. Nf3 Nc6 3. Bb5 Nf6 4. Bxc6 dxc6 5. Nc3 g6 6. O-O Bg7 7. d3 O-O 8.
h3 Nd7 9. a3 e5 10. b4 cxb4 11. axb4 Re8 12. Be3 Bf8 13. Qb1 a5 14. bxa5 Rxa5
15. Qb2 Rxa1 16. Rxa1 b5 17. Ne2 b4 18. Nc1 c5 19. Nb3 Bd6 20. Nfd2 Qe7 21. Ra7
Qd8 22. Nc4 Bb8 23. Ra5 Bc7 24. Ra8 Qe7 25. Ra7 Bb8 26. Bxc5 Qh4 27. Ra1 Nxc5
28. Nxc5 Qg5 29. Qc1 Qxc1+ 30. Rxc1 Ba7 31. Nb3 Ba6 32. Ra1 Bxc4 33. dxc4 Bd4
34. Ra5 Bc3 35. Kf1 f5 36. f3 fxe4 37. fxe4 Rf8+ 38. Ke2 Rf4 39. Kd3 Rf1 40. c5
Rd1+ 41. Kc4 Re1 42. c6 Rxe4+ 43. Kd5 Rf4 44. Ra8+ 1-0

[Event "SV Eichlinghofen 1 - SC Hansa Dortmund "]
[Site "Regionalliga 2018/2019"]
[Date "2019.04.07"]
[Round "9.8"]
[White "Dekhtyaryuk, Dimitri"]
[Black "Zelt, Jens"]
[Result "0-1"]
[WhiteElo "1849"]
[BlackElo "2087"]
[PlyCount "90"]
[EventDate "2019.??.??"]

1. d4 d6 2. Nf3 c6 3. Bg5 Nd7 4. e3 Qc7 5. Bd3 e5 6. Nbd2 Ngf6 7. O-O Be7 8. c4
O-O 9. Rc1 Re8 10. Qc2 Nf8 11. h3 Bd7 12. Qc3 exd4 13. exd4 Nh5 14. Be3 Ng6 15.
Bxg6 hxg6 16. b4 b6 17. Qb3 c5 18. d5 Bf8 19. Rfe1 Rac8 20. a3 Rb8 21. Qd1 Nf6
22. Ng5 Qb7 23. Qf3 Bc8 24. Qg3 Nh5 25. Qh4 f5 26. Bf4 Bd7 27. g4 Nf6 28. gxf5
Bxf5 29. Ndf3 Qd7 30. Qg3 Nh5 31. Qh4 Rxe1+ 32. Rxe1 Re8 33. Re3 Be7 34. Nh2
Rc8 35. b5 Qd8 36. Nhf3 Bf6 37. Kh1 Qd7 38. Nh2 Rf8 39. Ng4 Bd8 40. Bh2 Be7 41.
Rxe7 Qxe7 42. f4 Qe2 43. Bg1 Be4+ 44. Nxe4 Qxe4+ 45. Kh2 Qxf4+ 0-1

[Event "SV Horst-Emscher 1 - WeiÃŸe Dame Borbec"]
[Site "Regionalliga 2018/2019"]
[Date "2019.04.07"]
[Round "9.1"]
[White "Loyen, Egbert"]
[Black "Baerwolf, Steven"]
[Result "0-1"]
[WhiteElo "2189"]
[BlackElo "2117"]
[PlyCount "82"]
[EventDate "2019.??.??"]

1. Nf3 b6 2. e4 Bb7 3. Nc3 e6 4. d4 Bb4 5. Bd3 Nf6 6. e5 Ne4 7. O-O Nxc3 8.
bxc3 Be7 9. Qe2 d6 10. Re1 Nd7 11. exd6 cxd6 12. Rb1 O-O 13. c4 Rc8 14. Bd2 Nf6
15. Ng5 Qd7 16. Rb3 d5 17. c5 bxc5 18. dxc5 Bxc5 19. Nxh7 Nxh7 20. Bxh7+ Kxh7
21. Qh5+ Kg8 22. Rh3 f6 23. Qh7+ Kf7 24. Rg3 Rg8 25. Bh6 Bf8 26. Qg6+ Ke7 27.
Bc1 Kd8 28. h4 Bd6 29. Rb3 Kc7 30. Be3 Kb8 31. Reb1 Rc7 32. Qd3 Ka8 33. Bxa7
Kxa7 34. Qd4+ Kb8 35. a4 Bc5 36. Qb2 Qc6 37. a5 d4 38. Rg3 Kc8 39. Qb3 Qd5 40.
Qd3 Qe4 41. Qb3 Bd6 0-1

[Event "SV Horst-Emscher 1 - WeiÃŸe Dame Borbec"]
[Site "Regionalliga 2018/2019"]
[Date "2019.04.07"]
[Round "9.2"]
[White "Kroeger, Fabian"]
[Black "Klasmeier, Jens"]
[Result "1-0"]
[WhiteElo "2215"]
[BlackElo "2090"]
[PlyCount "45"]
[EventDate "2019.??.??"]

1. e4 d5 2. exd5 Nf6 3. d4 Bg4 4. Be2 Bxe2 5. Qxe2 Qxd5 6. Nf3 Nc6 7. c4 Qf5 8.
O-O O-O-O 9. d5 Nb4 10. Nc3 g5 11. Rd1 Rg8 12. Nd4 Qg4 13. f3 Qd7 14. a3 Na6
15. Ncb5 Kb8 16. Be3 g4 17. Nc6+ bxc6 18. dxc6 Qe8 19. Bxa7+ Ka8 20. Rxd8+ Qxd8
21. c5 gxf3 22. Qxf3 Qd5 23. Rd1 1-0

[Event "SV Horst-Emscher 1 - WeiÃŸe Dame Borbec"]
[Site "Regionalliga 2018/2019"]
[Date "2019.04.07"]
[Round "9.3"]
[White "Dewenter, Ulf"]
[Black "Buschmann, Andreas"]
[Result "1-0"]
[WhiteElo "2122"]
[BlackElo "2011"]
[PlyCount "69"]
[EventDate "2019.??.??"]

1. d4 Nf6 2. c4 g6 3. Nc3 Bg7 4. e4 O-O 5. Nf3 d6 6. Be2 e5 7. O-O Nc6 8. Be3
Ne8 9. d5 Ne7 10. Nd2 f5 11. f3 f4 12. Bf2 g5 13. c5 h5 14. Rc1 Rf7 15. cxd6
cxd6 16. Kh1 Ng6 17. a4 Bf8 18. Nb5 b6 19. b4 Nf6 20. Qc2 Bd7 21. Qc7 g4 22.
Qxd8 Rxd8 23. Nxa7 Bxa4 24. Nc6 Rc8 25. b5 g3 26. Bg1 gxh2 27. Bxh2 Nd7 28. Ra1
Ra8 29. Nc4 Rg7 30. Nb2 Nc5 31. Bg1 Bxb5 32. Bxb5 Rxa1 33. Rxa1 Nh4 34. Bf1 Nb3
35. Rd1 1-0

[Event "SV Horst-Emscher 1 - WeiÃŸe Dame Borbec"]
[Site "Regionalliga 2018/2019"]
[Date "2019.04.07"]
[Round "9.4"]
[White "Rebentisch, Tom"]
[Black "Poetter, Clemens"]
[Result "1-0"]
[WhiteElo "2095"]
[BlackElo "2011"]
[PlyCount "123"]
[EventDate "2019.??.??"]

1. e4 c6 2. d4 d5 3. Nc3 dxe4 4. Nxe4 Nd7 5. Nf3 Ngf6 6. Ng3 e6 7. Bd3 Bd6 8.
Qe2 Qe7 9. Bd2 b6 10. Ne5 Bb7 11. Nxd7 Nxd7 12. Ne4 Bc7 13. O-O-O O-O-O 14. Ba6
Nb8 15. Bxb7+ Kxb7 16. Bg5 f6 17. Bh4 Na6 18. Nc3 Rhe8 19. Bg3 Qf7 20. Rhe1
Bxg3 21. hxg3 e5 22. dxe5 Rxd1+ 23. Qxd1 Rxe5 24. Rxe5 fxe5 25. Ne4 Qd5 26.
Nd6+ Kc7 27. Ne8+ Kd7 28. Nxg7 Qxd1+ 29. Kxd1 Nb4 30. a3 Nd5 31. Kd2 a5 32. Kd3
Nf6 33. Nf5 Ke6 34. Ne3 b5 35. g4 Kd6 36. b4 axb4 37. axb4 Ke6 38. g3 Nd7 39.
f4 exf4 40. gxf4 c5 41. bxc5 Nxc5+ 42. Kd4 Nd7 43. Nd5 Kd6 44. Nc3 Kc6 45. g5
b4 46. Nd5 Kd6 47. Nxb4 Ke6 48. Nd5 Kf5 49. c4 Nf8 50. Kd3 Ne6 51. Ke3 Nc5 52.
Kf3 Nd7 53. Ne3+ Ke6 54. Kg4 Nf8 55. Kh5 Kf7 56. f5 Nd7 57. Kh6 Kg8 58. Nd5 Nf8
59. c5 Kf7 60. c6 Ke8 61. c7 Kd7 62. Kg7 1-0

[Event "SV Horst-Emscher 1 - WeiÃŸe Dame Borbec"]
[Site "Regionalliga 2018/2019"]
[Date "2019.04.07"]
[Round "9.5"]
[White "Korste, Sebastian"]
[Black "Becker, Marco"]
[Result "1-0"]
[WhiteElo "1922"]
[BlackElo "1957"]
[Annotator "Daniel"]
[PlyCount "159"]
[EventDate "2019.??.??"]

1. d4 b6 2. Nf3 Bb7 3. Bf4 e6 4. e3 g6 5. Bd3 Bg7 6. Nbd2 Ne7 7. c3 d6 8. Qe2
O-O 9. O-O Nd7 10. Rfe1 e5 11. Bg3 h6 12. dxe5 dxe5 13. e4 Kh7 14. Rad1 Qe8 15.
Nc4 Nc6 16. h3 Qe7 17. Ne3 Rac8 18. Nd5 Qe8 19. Bb5 Ncb8 20. Nb4 c6 21. Ba4 a5
22. Nd3 Ba6 23. b4 axb4 24. cxb4 Bc4 25. Qc2 Qe6 26. Bb3 Bxb3 27. Qxb3 Qxb3 28.
axb3 f6 29. Ra1 Rfd8 30. Rec1 Nf8 31. Nb2 b5 32. Rc3 Ne6 33. Nd3 Bf8 34. Nc5
Bxc5 35. bxc5 Rc7 36. Ne1 b4 37. Rc4 Rd4 38. Rxd4 Nxd4 39. Rb1 Nd7 40. Nd3 Rb7
41. f3 Rb5 42. Be1 Nxc5 43. Nxc5 Rxc5 44. Bxb4 Rb5 45. Be7 Kg7 46. b4 Kf7 47.
Bc5 Ne6 48. Rc1 Nf4 49. Rd1 Rb7 50. Rd6 Rc7 $11 51. h4 g5 52. hxg5 hxg5 53. g3
Ng6 54. Kf2 Ne7 55. Ke3 Ng6 56. Kd3 Nf8 57. Kc4 Ne6 58. Bb6 Rc8 59. Rd7+ Ke8
60. Rh7 Nf8 61. Rh8 Kd7 62. Bc5 Ng6 63. Rh7+ Ke8 64. Rg7 Nh8 65. Re7+ Kd8 66.
Re6 Kd7 67. Rxf6 Rg8 68. Rd6+ Kc7 69. Rh6 Ng6 70. Rh7+ Kb8 71. Bd6+ Ka8 72. Kc5
Nf8 73. Re7 Ng6 74. Rf7 Rd8 75. Kxc6 g4 76. fxg4 Nh8 77. Rg7 Rc8+ 78. Bc7 Re8
79. b5 Re6+ 80. Bd6 1-0

[Event "SV Horst-Emscher 1 - WeiÃŸe Dame Borbec"]
[Site "Regionalliga 2018/2019"]
[Date "2019.04.07"]
[Round "9.6"]
[White "Arndt, Olaf"]
[Black "Kindermann, Carsten"]
[Result "0-1"]
[WhiteElo "1894"]
[BlackElo "1908"]
[Annotator "Daniel"]
[PlyCount "82"]
[EventDate "2019.??.??"]

1. e4 e5 2. Nf3 Nc6 3. d4 exd4 4. Bc4 Bc5 5. c3 Nf6 6. cxd4 Bb4+ 7. Nc3 Nxe4 8.
Qb3 O-O 9. O-O Bxc3 10. bxc3 d5 11. Bd3 b6 12. Bf4 Bf5 13. Qc2 Bg6 14. Rfe1 Nd6
15. Bxg6 hxg6 16. Ng5 Qf6 17. Bxd6 Qxd6 18. Qe2 f6 19. Ne6 Rfe8 20. Qg4 Re7 21.
Re3 Rae8 22. Rae1 f5 23. Qf4 Qxf4 24. Nxf4 Rxe3 25. Rxe3 Rxe3 26. fxe3 Ne7 27.
h4 $11 Kf7 28. Kf2 c6 29. Kf3 Kf6 30. Nh3 Nc8 31. Kf4 Nd6 32. Nf2 Nb5 33. Nd1
Nc7 34. Nf2 Ne6+ 35. Kf3 g5 36. hxg5+ Nxg5+ 37. Ke2 Ne4 38. Nd1 Kg5 39. Kf3 g6
40. g3 a5 41. a3 Nd2+ 0-1

[Event "SV Horst-Emscher 1 - WeiÃŸe Dame Borbec"]
[Site "Regionalliga 2018/2019"]
[Date "2019.04.07"]
[Round "9.7"]
[White "Klasmeier, Hartmut"]
[Black "Doenges, Dirk"]
[Result "1-0"]
[WhiteElo "1872"]
[BlackElo "1759"]
[PlyCount "157"]
[EventDate "2019.??.??"]

1. e4 c5 2. Bc4 e6 3. Nc3 Nc6 4. Nf3 a6 5. a4 b6 6. O-O Bb7 7. d3 d6 8. d4 Nf6
9. Re1 Be7 10. Bb3 cxd4 11. Nxd4 O-O 12. Nf3 Nd7 13. Bf4 Nce5 14. Nxe5 dxe5 15.
Be3 Qc7 16. Qg4 Nf6 17. Qg3 Nxe4 18. Nxe4 Bxe4 19. Bxb6 Qc6 20. Ba5 Kh8 21. Bc3
f6 22. Bxe6 Bxg2 23. Bf5 g6 24. Bd3 Bd5 25. Qh4 Rf7 26. Rad1 Rd8 27. a5 Rg7 28.
Be4 Qc4 29. f3 Be6 30. Rxd8+ Bxd8 31. Rd1 Rd7 32. Rxd7 Bxd7 33. Qh6 Be7 34. Qd2
Bh3 35. Bd3 Qh4 36. Qf2 Qg5+ 37. Qg3 Bc5+ 38. Kh1 Qe3 39. Be4 Qe2 40. Bd3 Qd1+
41. Be1 Bf5 42. Bxa6 Bxc2 43. Kg2 Bf5 44. b4 Bd6 45. Qf2 e4 46. Be2 Qb1 47. Bc3
Kg7 48. Qa7+ Kh6 49. Qe3+ Kg7 50. Qd2 Bc7 51. f4 Qb3 52. Qd4 Qe6 53. Bc4 Bh3+
54. Kf2 Qf5 55. Bd2 Bxf4 56. Bxf4 Qxf4+ 57. Ke1 Bg4 58. Be2 h5 59. Bxg4 hxg4
60. a6 Qc1+ 61. Ke2 Qc2+ 62. Ke3 Qb3+ 63. Kd2 Qa2+ 64. Kc3 Qxa6 65. Qxe4 Qc8+
66. Kb3 Qd7 67. Qc4 f5 68. b5 f4 69. b6 Qd1+ 70. Kb4 f3 71. Qc7+ Kh6 72. Qf4+
Kg7 73. Qc7+ Kf6 74. b7 Qd4+ 75. Kb3 Qd5+ 76. Kb2 Qb5+ 77. Kc3 f2 78. b8=Q f1=Q
79. Qf8+ 1-0

[Event "SV Horst-Emscher 1 - WeiÃŸe Dame Borbec"]
[Site "Regionalliga 2018/2019"]
[Date "2019.04.07"]
[Round "9.8"]
[White "Rebentisch, Sebastian"]
[Black "Mundil, Uwe"]
[Result "0-1"]
[WhiteElo "1811"]
[BlackElo "2018"]
[PlyCount "94"]
[EventDate "2019.??.??"]

1. e4 e6 2. d4 d5 3. exd5 exd5 4. Bd3 Nc6 5. c3 Bd6 6. Ne2 Nf6 7. Bf4 O-O 8.
O-O Bg4 9. f3 Bh5 10. Bxd6 Qxd6 11. Ng3 Bg6 12. Na3 a6 13. Re1 Rfe8 14. Qd2 Qd7
15. Nc2 Ne7 16. Ne3 c6 17. Re2 Bxd3 18. Qxd3 Ng6 19. Qf5 Qd6 20. Ng4 Nxg4 21.
Rxe8+ Rxe8 22. Qxg4 Qe7 23. h3 h6 24. Qf5 Qe3+ 25. Kh2 Qf2 26. Qd7 Rf8 27. Qg4
Qxb2 28. Rd1 Qxc3 29. f4 Qe3 30. Nh5 Qe4 31. Rd2 Re8 32. Rb2 b5 33. Qd7 Nxf4
34. Nxf4 Qxf4+ 35. g3 Qe4 36. Rf2 Qe6 37. Qb7 a5 38. Qc7 a4 39. Qf4 Re7 40.
Qb8+ Kh7 41. Qf4 Qg6 42. Qf3 Re4 43. Qc3 f5 44. a3 Qf6 45. Rf4 Re2+ 46. Kg1 Qe6
47. Qd3 Qe3+ 0-1

[Event "SV Mülheim-Nord 3 - SV Kamen 1"]
[Site "Regionalliga 2018/2019"]
[Date "2019.04.07"]
[Round "9.1"]
[White "Weidemann, Christian"]
[Black "Ozerov, Ilja"]
[Result "1-0"]
[WhiteElo "2295"]
[BlackElo "2175"]
[PlyCount "115"]
[EventDate "2019.??.??"]

1. e4 d5 2. exd5 Nf6 3. Be2 Qxd5 4. Nf3 Bg4 5. d4 Nc6 6. c4 Qf5 7. Be3 O-O-O 8.
Nc3 e5 9. d5 e4 10. Nd4 Nxd4 11. Bxd4 Bd6 12. Qa4 Bxe2 13. Nxe2 e3 14. Bxe3 Ng4
15. O-O-O Nxe3 16. fxe3 Bc5 17. Nd4 Qg5 18. Kb1 Qxg2 19. Nc6 Rd6 20. Nxa7+ Bxa7
21. Qxa7 Rb6 22. Qa8+ Kd7 23. Qa4+ Kc8 24. Qa8+ Kd7 25. Qa4+ Kc8 26. Qc2 Rg6
27. Rhf1 f6 28. c5 Qxc2+ 29. Kxc2 Re8 30. Rfe1 Rg2+ 31. Rd2 Rxd2+ 32. Kxd2 Re5
33. e4 f5 34. Kd3 fxe4+ 35. Kd4 Rh5 36. Re2 Rh4 37. Ke5 Kd7 38. b4 Rh5+ 39. Kd4
Rh4 40. Ke5 Rh5+ 41. Kd4 Rh4 42. a3 e3+ 43. Kxe3 Rh3+ 44. Kd4 Rxa3 45. b5 Ra4+
46. Ke5 Ra1 47. c6+ bxc6 48. dxc6+ Ke7 49. Kd5+ Kd8 50. Ke6 Ke8 51. b6 cxb6 52.
Kd6+ Kf7 53. c7 Rc1 54. Kd7 g5 55. Re7+ Kf6 56. Re6+ Kf7 57. Rxb6 h5 58. c8=Q
1-0

[Event "SV Mülheim-Nord 3 - SV Kamen 1"]
[Site "Regionalliga 2018/2019"]
[Date "2019.04.07"]
[Round "9.2"]
[White "Limbourg, Philipp"]
[Black "Himmel, Hansjoerg"]
[Result "1/2-1/2"]
[WhiteElo "2185"]
[BlackElo "2208"]
[PlyCount "49"]
[EventDate "2019.??.??"]

1. e4 c5 2. Nc3 Nc6 3. f4 g6 4. Nf3 Bg7 5. Bb5 Nd4 6. O-O Nxb5 7. Nxb5 d5 8. d3
a6 9. Nc3 d4 10. Ne2 e6 11. f5 exf5 12. exf5 Bxf5 13. Ng3 Ne7 14. Nxf5 Nxf5 15.
Re1+ Kf8 16. Qe2 h6 17. Bf4 Kg8 18. Qe4 Qb6 19. Ne5 Re8 20. Qd5 Kh7 21. Nc4 Qb4
22. Bd2 Qb5 23. Qxf7 Rhf8 24. Qc7 Rc8 25. Qb6 1/2-1/2

[Event "SV Mülheim-Nord 3 - SV Kamen 1"]
[Site "Regionalliga 2018/2019"]
[Date "2019.04.07"]
[Round "9.3"]
[White "Luetke, Jens"]
[Black "Kuipers, Dustin"]
[Result "1-0"]
[WhiteElo "2194"]
[BlackElo "2126"]
[PlyCount "115"]
[EventDate "2019.??.??"]

1. e4 c6 2. d4 d5 3. Nd2 dxe4 4. Nxe4 Nf6 5. Nxf6+ exf6 6. Bc4 Bd6 7. Qe2+ Qe7
8. Qxe7+ Bxe7 9. Ne2 Bf5 10. c3 Nd7 11. O-O Nb6 12. Bb3 O-O 13. Re1 Rfe8 14.
Be3 a5 15. a4 Be6 16. Bc2 Nd5 17. Nf4 Nxf4 18. Bxf4 Rac8 19. Rad1 g5 20. Be3
Bd6 21. f3 Re7 22. g3 Rce8 23. Kf2 Kg7 24. b3 h6 25. c4 Bb4 26. Bd2 Bxd2 27.
Rxd2 Rd8 28. f4 Rde8 29. f5 Bd7 30. Rxe7 Rxe7 31. g4 Re8 32. Re2 Kf8 33. Rxe8+
Kxe8 34. c5 Kd8 35. b4 axb4 36. a5 Kc7 37. Bb3 Kb8 38. Ke3 Be8 39. Kd2 Ka7 40.
Bc4 Kb8 41. Kc2 Ka7 42. Kb3 Kb8 43. Kxb4 Ka7 44. Ba2 Kb8 45. Bb3 Kc7 46. Ba4
Bd7 47. Bb3 Be8 48. a6 bxa6 49. Ka5 Kb7 50. Bc4 Ka7 51. Bxa6 Bd7 52. Bc4 Bc8
53. d5 Bd7 54. Bb3 cxd5 55. Bxd5 Bc8 56. c6 Ba6 57. c7 Bc8 58. Bc6 1-0

[Event "SV Mülheim-Nord 3 - SV Kamen 1"]
[Site "Regionalliga 2018/2019"]
[Date "2019.04.07"]
[Round "9.4"]
[White "Grodotzki, Kenneth"]
[Black "Kilian, Ralf"]
[Result "1-0"]
[WhiteElo "1976"]
[BlackElo "2071"]
[Annotator "Daniel"]
[PlyCount "57"]
[EventDate "2019.??.??"]

1. f4 g6 2. Nf3 Bg7 3. g3 c5 4. Bg2 Nc6 5. O-O e6 6. d3 Nge7 7. e4 d5 8. c3 b6
9. Re1 dxe4 10. dxe4 Qxd1 11. Rxd1 Bb7 $11 12. Na3 Rd8 13. Rxd8+ Nxd8 14. Nc4
Nc8 15. e5 Ke7 16. Be3 Bd5 17. Nfd2 Nb7 18. a4 a5 19. Rb1 Kd8 20. b4 cxb4 21.
cxb4 axb4 22. Bxd5 exd5 23. Nxb6 Nxb6 24. Bxb6+ Kd7 25. Rxb4 Ra8 26. a5 Kc6 27.
Nb3 Bf8 28. Nd4+ Kd7 29. Rb5 1-0

[Event "SV Mülheim-Nord 3 - SV Kamen 1"]
[Site "Regionalliga 2018/2019"]
[Date "2019.04.07"]
[Round "9.6"]
[White "Roitburd, Talik"]
[Black "Rumpf, Thomas"]
[Result "0-1"]
[WhiteElo "2000"]
[BlackElo "2014"]
[PlyCount "120"]
[EventDate "2019.??.??"]

1. c4 e5 2. Nc3 Nf6 3. g3 Bb4 4. Bg2 O-O 5. Nf3 Bxc3 6. bxc3 Re8 7. O-O Nc6 8.
Qc2 d6 9. Rb1 Rb8 10. d3 b6 11. h3 Bb7 12. e4 Ne7 13. Nh4 Ng6 14. Nxg6 hxg6 15.
Bg5 Qd7 16. f4 Nh7 17. Bh4 f6 18. Qd2 Qe7 19. fxe5 g5 20. exf6 gxf6 21. Rb5
gxh4 22. Rf4 c5 23. Rb1 hxg3 24. Rbf1 Rf8 25. Rg4+ Kh8 26. Rg6 Rf7 27. Rf5 Rg8
28. Rh6 Rgg7 29. Bf3 Bc8 30. Rf4 g2 31. Bh5 Rf8 32. Bg6 Rfg8 33. Bxh7 Rxh7 34.
Rfxf6 Qg7 35. Rxh7+ Kxh7 36. Qf4 Qg5 37. Rf7+ Kh8 38. Qxg5 Rxg5 39. h4 Rg8 40.
Rf6 Bh3 41. Rf3 Bg4 42. Rf6 Bh3 43. Rf3 Be6 44. Rf6 Re8 45. h5 Kg7 46. Rf3 Rh8
47. Kxg2 Rxh5 48. Rf4 Rh6 49. Rf2 Rg6+ 50. Kh2 Rg5 51. Rf4 Rg6 52. Rf3 Rf6 53.
Rg3+ Kf7 54. Rg5 Rh6+ 55. Kg2 Rg6 56. Rg3 Rxg3+ 57. Kxg3 Kf6 58. Kf4 Bh3 59. a3
Bf1 60. Ke3 Kg5 0-1

[Event "SV Mülheim-Nord 3 - SV Kamen 1"]
[Site "Regionalliga 2018/2019"]
[Date "2019.04.07"]
[Round "9.7"]
[White "Kleinegger, Frank"]
[Black "Limbourg, Marina"]
[Result "1/2-1/2"]
[WhiteElo "2054"]
[BlackElo "1987"]
[PlyCount "66"]
[EventDate "2019.??.??"]

1. d4 Nf6 2. Bg5 g6 3. Bxf6 exf6 4. e3 Bg7 5. c4 O-O 6. Nc3 f5 7. g3 Re8 8.
Nge2 Nc6 9. Bg2 f4 10. gxf4 d6 11. O-O Bg4 12. Qd2 Qh4 13. Ng3 h5 14. Nd5 Rac8
15. Rac1 Bh3 16. Qd3 Qg4 17. Qd1 Qe6 18. Bxh3 Qxh3 19. f5 Qh4 20. Qf3 Ne7 21.
Nxe7+ Qxe7 22. c5 h4 23. Ne2 Qg5+ 24. Kh1 Qxf5 25. Qxf5 gxf5 26. Rg1 f6 27. c6
b6 28. Rg6 Kf7 29. Rcg1 Bf8 30. Nf4 d5 31. Kg2 Rcd8 32. Kf3 Rd6 33. Rc1 Re4
1/2-1/2

[Event "SV Mülheim-Nord 3 - SV Kamen 1"]
[Site "Regionalliga 2018/2019"]
[Date "2019.04.07"]
[Round "9.8"]
[White "Oltmanns, Jan"]
[Black "Georg, Heinz"]
[Result "0-1"]
[WhiteElo "1981"]
[BlackElo "2101"]
[PlyCount "56"]
[EventDate "2019.??.??"]

1. e4 e5 2. Nf3 Nc6 3. d4 exd4 4. Bc4 Bc5 5. O-O d6 6. c3 dxc3 7. Qb3 Qd7 8.
Qxc3 f6 9. a3 Ne5 10. Nxe5 fxe5 11. Be3 Nf6 12. Bxc5 Nxe4 13. Qe3 Nxc5 14. f4
Ne6 15. Nc3 c6 16. fxe5 d5 17. Rad1 Rf8 18. Rxf8+ Kxf8 19. Be2 Qe7 20. Qg3 Kg8
21. Bf3 Bd7 22. Kh1 Rf8 23. Bxd5 cxd5 24. Nxd5 Qf7 25. Nf6+ Kh8 26. Qd3 gxf6
27. Qxd7 fxe5 28. h3 Nd4 0-1

[Event "SK Holsterhausen 1-SV Bochum-Linden1"]
[Site "?"]
[Date "2019.05.05"]
[Round "9.4"]
[White "Kortenbusch, Chistoph"]
[Black "Schmidt, Ralph"]
[Result "1/2-1/2"]
[WhiteElo "2075"]
[BlackElo "1920"]
[PlyCount "39"]
[EventDate "2019.??.??"]

1. e4 e5 2. Nf3 Nc6 3. Bb5 Bc5 4. O-O Nd4 5. Nxe5 Qe7 6. Nf3 Nxb5 7. d4 Bb6 8.
a4 Nxd4 9. Nxd4 d6 10. Nc3 c6 11. Re1 Bg4 12. Qd3 Qf6 13. Be3 Ne7 14. h3 Bd7
15. a5 Bc7 16. Nf3 h6 17. Rad1 Qg6 18. Kh1 O-O 19. a6 b5 20. Bf4 1/2-1/2